| 000 | 00799cam a22002533a 4500 | ||
|---|---|---|---|
| 001 | 6521 | ||
| 003 | PGUSA | ||
| 005 | 20140828083133.0 | ||
| 008 | 040901s2004||||xxu|||||s|||||000 | eng d | ||
| 040 |
_aPGUSA _beng |
||
| 042 | _adc | ||
| 050 | 4 | _aPK | |
| 100 | 1 |
_aTagore, Rabindranath, _d1861-1941 |
|
| 245 | 1 | 4 |
_aThe King of the Dark Chamber _h[electronic resource] / _cRabindranath Tagore |
| 260 |
_bProject Gutenberg, _c2004 |
||
| 506 | _aPublic domain in the USA. | ||
| 516 | _aElectronic text | ||
| 653 | _aBengali drama -- Translations into English | ||
| 653 | _aIndic drama -- Translations into English | ||
| 653 | _aTagore, Rabindranath, 1861-1941 -- Translations into English | ||
| 830 | 0 |
_aProject Gutenberg _v6521 |
|
| 856 | 4 | 0 | _uhttp://www.gutenberg.org/ebooks/6521 |
| 942 | _cEB | ||
| 999 |
_c235844 _d235844 |
||